Central Library OPAC University of Rajshahi

Studies in the middle way : (Record no. 32090)

MARC details
000 -LEADER
fixed length control field 00718nam a2200229 a 4500
001 - CONTROL NUMBER
control field 32090
003 - CONTROL NUMBER IDENTIFIER
rucl marc code BD-RjUL
005 - DATE AND TIME OF LATEST TRANSACTION
control field 20211209051804.0
008 - FIXED-LENGTH DATA ELEMENTS--GENERAL INFORMATION
fixed length control field 140423s1959 enk 000 0 eng d
035 ## - SYSTEM CONTROL NUMBER
System control number (BD-RjUL)32179
040 ## - CATALOGING SOURCE
Original cataloging agency VSL
Language of cataloging eng
Transcribing agency VSL
Modifying agency VDU
-- BD-RjUL
041 ## - LANGUAGE CODE
Language code of text/sound track or separate title eng
082 04 - DEWEY DECIMAL CLASSIFICATION NUMBER
Classification number 294.3
Edition number 19
Author mark and year HUS 1959
100 1# - MAIN ENTRY--PERSONAL NAME
Personal name Humphreys, Christmas,
Dates associated with a name 1901-1983.
9 (RLIN) 97682
245 10 - TITLE STATEMENT
Title Studies in the middle way :
Remainder of title being thoughts on Buddhism applied /
Statement of responsibility, etc. Christmas Humphreys.
250 ## - EDITION STATEMENT
Edition statement 3rd ed.
260 ## - PUBLICATION, DISTRIBUTION, ETC. (IMPRINT)
Place of publication, distribution, etc. London :
Name of publisher, distributor, etc. Allen and Unwin for the Buddhist Society,
Date of publication, distribution, etc. 1959.
300 ## - PHYSICAL DESCRIPTION
Pagination 169 p. [6] ;
Size 23 cm.
650 #0 - SUBJECT ADDED ENTRY--TOPICAL TERM
Topical term or geographic name as entry element Buddhism.
9 (RLIN) 97683
710 2# - ADDED ENTRY--CORPORATE NAME
Corporate name or jurisdiction name as entry element Buddhist Society (London, England)
9 (RLIN) 97684
942 ## - ADDED ENTRY ELEMENTS (KOHA)
Source of classification or shelving scheme Dewey Decimal Classification
Koha item type Books
Holdings
Lost status Source of classification or shelving scheme Damaged status Not for loan Collection code Permanent Location Current Location Shelving location Date acquired Source of acquisition Cost, normal purchase price Total Checkouts Full call number Date last seen Copy number Koha item type
  Dewey Decimal Classification   Not For Loan Non-fiction Central Library, University of Rajshahi Central Library, University of Rajshahi Reading Room 14/02/1963 Zitlinger 15.00   294.3 HUS 1959 23/04/2014 C-1 Books